| 000 | 00450cam a2200181ua 4500 | ||
|---|---|---|---|
| 001 | 10484 | ||
| 008 | 190307n ii |||gr||||Z||||||eng | ||
| 020 | _a9780070141605 | ||
| 040 | _cMAIN | ||
| 082 | _a004 | ||
| 100 |
_aE balagurusamy, _eAuthor. |
||
| 245 | _aFundamentals of computers | ||
| 250 | _a19th rep. | ||
| 260 |
_aChennai: _bMcgraw hill education, _c2009. |
||
| 300 | _a476p. | ||
| 653 | _aData processing & computer science | ||
| 942 | _cBK | ||
| 999 |
_c9469 _d9469 |
||